000 00361nam a2200145Ia 4500
008 230917s9999||||xx |||||||||||||| ||und||
040 _e79196
_aMAIN
041 _aEnglish
082 _a327 G346A
100 _aGhai, U R
245 0 _aAnterrastriya Sambandh: sidhnath our vyayhar
260 _aJalandher
_bNew Academic
_c1987
300 _a367 p.
942 _cBK
999 _c54393
_d54393